Регионална библиотека "Любен Каравелов" - Русе

Ръководство за правилата, процедурите и реда за предоставяне на безвъзмездна финансова помощ по оперативните програми, съфинансирани от структурните фондове [CD-ROM] (Запис номер 220218)

MARC детайли
000 -Лидер
Контролно поле с фиксирана дължина 02998njm a2200433 c 4500
003 - Код на организацията, давaща контролен номер
Контролно поле BLK
005 - Дата и час на последна редакция
Контролно поле 20180421002424.0
008 - Елементи от данни с фиксирана дължина
fixed length control field 180410b bul||n||s|||||||| n|bulo|
010 ## - Наследен системен номер
LC control number CDD00002678000
040 ## - Източник на каталожния запис
Идентификатор на билиотеката - собственик на записа BLK
041 ## - Код за език
Код за езика на текст/звукозапис или на отделно заглавие Български
Код за езика КДБФ Български
072 #7 - Код за тематичната категория
Код организация bullib
Код за тематична категория Е
Текст Картотека "Европейски съюз"
080 ## - УДК
Текстов определител УДК Европейски съюз (икон. аспекти)
УДК код - определител по УДК 339.923:061.1ЕС
УДК определител (0.034)
УДК - код + определител 339.923:061.1ЕС(0.034)
080 ## - УДК
Текстов определител УДК Финанси на стопанските организации (вкл. финансиране и управление на финансите). Финанси на стопанския сектор
УДК код - определител по УДК 336.6
УДК определител (4:497.2)(0.034)
УДК - код + определител 336.6(4:497.2)(0.034)
080 ## - УДК
Текстов определител УДК Обществени финанси. Финансово законодателство. Подразделя се със знака за съотношение и индекса 336. 12
УДК код - определител по УДК 351.72
УДК определител (497.2)(0.034)
УДК - код + определител 351.72(497.2)(0.034)
139 ## - Редно поле
Редна дума Ръководство за правилата, процедурите и реда за предоставяне на безвъзмездна финансова помощ по оперативните програми, съфинансирани от структурните фондове [CD-ROM]
Авторски знак Ръ - Р 97
245 10 - Сведения за заглавието
Заглавие Ръководство за правилата, процедурите и реда за предоставяне на безвъзмездна финансова помощ по оперативните програми, съфинансирани от структурните фондове [CD-ROM]
Подзаглавни данни Управление на фондове ; Регламенти на ЕС ; Нац. планове, оперативни програми ; Формуляри за кандидатстване ; Закон за обществените поръчки ; Други закони
257 ## - Страна на издаване
Страна на създаване/издаване България
260 ## - Област на издателските данни
-- София
Име на издателя, разпространителя и проч. АСПРО
Година на издаване 2007
300 ## - Физическа характеристика
Страници (128 МВ)
Размери/Мащаб 12 см
380 ## - Жанр
Жанр Обществени науки
500 ## - Общи забележки
Забележка Изт. : Загл. екран ; Етикет. - Системни изисквания : Windows XP ; Windows Media Player ; Acrobat Reader. - Съдържа : 1 директория, 5 файла. - Дигитално изд. - Прил. към кн. със сигн. Цб 236712
590 ## - Забележки на библиотеката, притежаваща документа (RLIN)
Служебно S.N: 79029 от КНИГИ
650 #4 - Допълнително описание по предмет – тема
Основно описание – тема или топоним Европейски съюз - финанси
9 (RLIN) 280396
650 #4 - Допълнително описание по предмет – тема
Основно описание – тема или топоним Европейски съюз - програми
9 (RLIN) 274379
650 #4 - Допълнително описание по предмет – тема
Основно описание – тема или топоним България - финанси
9 (RLIN) 268892
650 #4 - Допълнително описание по предмет – тема
Основно описание – тема или топоним България и Европейски съюз
9 (RLIN) 257539
653 ## - Ключова дума – ненормативна
Ключова дума евроинтеграция
653 ## - Ключова дума – ненормативна
Ключова дума Структурни фондове
653 ## - Ключова дума – ненормативна
Ключова дума Кохезионен фонд
653 ## - Ключова дума – ненормативна
Ключова дума Програма ФАР
653 ## - Ключова дума – ненормативна
Ключова дума Европейски съюз
659 ## - Тематичен бюлетин
Тематичен бюлетин Е
852 ## - Местоположение
Форматна сигнатура Цб CD 1374
Част 0
856 4# - Електронен адрес и достъп
Електронен формат pdf - файл
Път до файла /url/
856 4# - Електронен адрес и достъп
Електронен формат pdf - файл
Път до файла /url/
942 ## - АРТИКУЛИ
Вид на библиотечния материал Компактдискове
Скрит в OPAC Не
944 ## - СЪЗДАВАНЕ И РЕДАКЦИЯ на ЗАПИСА
Създаване/Редакция Създаване
Дата на регистрацията/редакция 08.11.2007
Служител, извършил регистрацията/редакцията Геновева_Генчева
944 ## - СЪЗДАВАНЕ И РЕДАКЦИЯ на ЗАПИСА
Създаване/Редакция Редакция
Дата на регистрацията/редакция 21.01.2009
Служител, извършил регистрацията/редакцията
999 ## - СИСТЕМНИ КОНТРОЛНИ НОМЕРА
Koha biblionumber 220218
Koha biblioitemnumber 220218
Наличности
Код за отписване Код за изгубен артикул Код за повреда Коз за рестрикции Код за отдаване Артикулен № Име на библиотеката - собственик Име на библиотеката, в която се намира в момента Статус (Текущо местоположение) Дата на вписване в системата Местоположение - отдел Цена в лева Инвентарен номер Систематично азбучна сигнатура Баркод Номер на екземпляра Цена в евро Служебна бележка Служебен тип на артикула
Изтеглен Не е изгубен Не е повреден без рестрикции ползва се в читалня 391912 Регионална библиотека "Любен Каравелов" Русе Регионална библиотека "Любен Каравелов" Русе Читалня 2007-11-08 Читалня 4.99 250000002566 Цб CD 1374 250000002566 1 2.55 Дост: Pk Вид: Ф N: 10424 Дата: 02.11.2007 Дата инв: 22.06.2010 Бележки инв: 2010 Компактдискове
Изтеглен Не е изгубен Не е повреден без рестрикции заемане за дома 391913 Регионална библиотека "Любен Каравелов" Русе Регионална библиотека "Любен Каравелов" Русе Заемна - подръчен фонд 2007-11-30 Заемна - подръчен фонд 5.00 250000002601 Цб CD 1374 250000002601 2 2.56 Дост: Pk Вид: Ф N: 11787 Дата: 27.11.2007 Компактдискове
Изтеглен Не е изгубен Не е повреден без рестрикции заемане за дома 391914 Регионална библиотека "Любен Каравелов" Русе Регионална библиотека "Любен Каравелов" Русе Заемна - подръчен фонд 2008-10-20 Заемна - подръчен фонд 5.00 250000003391 Цб CD 1374 250000003391 3 2.56 Дост: Pk Вид: Ф N: 8706 Дата: 14.10.2008 Компактдискове
  Не е изгубен Не е повреден без рестрикции ползва се в читалня 391915 Регионална библиотека "Любен Каравелов" Русе Регионална библиотека "Любен Каравелов" Русе Хранилище 2008-11-07 Хранилище 5.00 250000003432 Цб CD 1374 250000003432 4 2.56 Дост: Dp Вид: Д N: 27 Дата: 18.06.2008 Компактдискове
Vip Innovations Ltd, Rousse, Bulgaria 2025